[Event "FAI-chT2 1415"]
[Site "Faroe Islands"]
[Date "2015.03.21"]
[Round "10.3"]
[White "Olsen, Kaj R"]
[Black "Thomsen, Jonfinn"]
[Result "0-1"]
[WhiteElo "1154"]
[BlackElo "1887"]
[PlyCount "144"]
[EventDate "2014.10.26"]
[EventType "team-tourn"]
[EventRounds "10"]
[EventCountry "FAI"]
[SourceTitle "EXT 2019"]
[Source "ChessBase"]
[SourceDate "2018.10.10"]
[SourceVersion "1"]
[SourceVersionDate "2018.10.10"]
[SourceQuality "1"]
[WhiteTeam "Havnin III"]
[BlackTeam "Sandavagur II"]
[WhiteTeamCountry "FAI"]
[BlackTeamCountry "FAI"]

1. e4 c5 2. Nf3 d6 3. Nc3 Nc6 4. Bb5 Bd7 5. Bxc6 Bxc6 6. d4 cxd4 7. Nxd4 Nf6 8. Nxc6 bxc6 9. 0-0 e6 10. Bg5 Be7 11. Qf3 Nd7 12. Bxe7 Qxe7 13. Rfe1 0-0 14. Rad1 Rad8 15. Qe3 Nb6 16. b3 e5 17. Qf3 Kh8 18. a4 Qe6 19. a5 Nc8 20. Re3 Ne7 21. Red3 f6 22. Qe3 Qd7 23. Qh3 Qxh3 24. Rxh3 f5 25. Rf3 d5 26. exf5 Rxf5 27. Rxf5 Nxf5 28. Na2 Rd7 29. Re1 Re7 30. Nb4 Re6 31. Nxc6 Rxc6 32. Rxe5 Nh6 33. Rxd5 Rxc2 34. f3 Rb2 35. Rd8+ Ng8 36. Ra8 a6 37. Rxa6 Rxb3 38. Ra7 Rb2 39. a6 Ra2 40. g3 h6 41. Ra8 Kh7 42. a7 Ne7 43. Kf1 Nc6 44. Rc8 Nxa7 45. Ra8 Ra3 46. Ke2 Nb5 47. Rxa3 Nxa3 48. Kd3 Kg6 49. Ke4 Kf6 50. h4 Nc4 51. f4 h5 52. Kf3 Kf5 53. Kg2 Kg4 54. f5 Kxf5 55. Kh3 Ne5 56. Kh2 Kg4 57. Kg2 Nf3 58. Kf2 Nd4 59. Kg2 Nf5 60. Kf2 Nxg3 61. Kg2 Kxh4 62. Kh2 Kg4 63. Kg2 g5 64. Kg1 Kf3 65. Kh2 Kf2 66. Kh3 Ne4 67. Kh2 g4 68. Kh1 Kf1 69. Kh2 g3+ 70. Kh3 g2 71. Kh4 g1Q 72. Kxh5 Qg5# 0-1